[Event "CZE-ch"]
[Site "Zlin"]
[Date "1997.??.??"]
[Round "3"]
[White "Babula, Vlastimil"]
[Black "Jirovsky, Milos"]
[Result "1-0"]
[WhiteElo "2535"]
[BlackElo "2505"]
[Annotator "Tisdall,J"]
[PlyCount "69"]
[EventDate "1997.06.12"]
[EventType "tourn"]
[EventRounds "11"]
[EventCountry "CZE"]
[EventCategory "10"]
[SourceTitle "CBM 061"]
[Source "ChessBase"]
[SourceDate "1997.11.23"]
[SourceVersion "1"]
[SourceVersionDate "1997.11.23"]
[SourceQuality "1"]

1. d4 e6 2. c4 Bb4+ 3. Bd2 a5 4. Nf3 Nf6 5. g3 d5 6. Bg2 O-O 7. O-O Nc6 8. Qc2
dxc4 (8... Be7 9. Rd1 Ra6 10. a3 Bd7 11. cxd5 exd5 12. Nc3 g6 13. Bg5 Bf5 14.
Qa4 Nd7 15. Bxe7 Nxe7 16. Ne5 c6 17. Nxd7 Qxd7 18. Qb3 Nc8 19. Na4 Qe7 20. e3
Nd6 21. Nc5 {1/2-1/2 Komljenovic,D-Topalov,V/Alicante op 1992/TD 92\09}) (8...
Ra6 $5 9. Rd1 dxc4 10. Qxc4 Qd5 11. Qxd5 exd5 12. Bf4 Ne8 13. Nc3 Ne7 14. Nd2
c6 15. a3 Bd6 16. Bxd6 Nxd6 17. b4 a4 18. f3 Nb5 19. Nxb5 cxb5 20. e4 Be6 21.
Rac1 Rc6 22. Rxc6 bxc6 23. Rc1 Rd8 24. e5 Nf5 25. Rc3 Nxd4 26. Kf2 Bd7 27. f4
f6 28. Nf3 Nb3 29. e6 Be8 30. f5 Kf8 31. g4 Ke7 32. h4 d4 33. Rd3 g6 34. Nd2 c5
35. Nxb3 axb3 36. bxc5 b2 37. Rb3 d3 38. Bf3 d2 39. Bd1 gxf5 40. gxf5 Rd5 41.
Rxb2 Rxc5 42. Rxd2 Rxf5+ 43. Kg3 {Beikert,G-Stobik,D/BL2-S 1996/BL2/1/2-1/2 
(68)}) 9. Qxc4 Qd5 10. Rc1 Rd8 (10... Qxc4 $5 11. Rxc4 Rd8 12. Bxb4 axb4 13.
Nbd2 e5 14. dxe5 Ng4 15. Nb3 Be6 16. Rcc1 Ngxe5 17. Nxe5 Nxe5 18. f4 Nc6 19.
Nc5 Rd2 20. Bxc6 bxc6 21. Nxe6 fxe6 22. Kf2 Rxb2 23. Rxc6 b3 24. a4 Ra2 25. Rb1
Rb8 26. Rxc7 Rxa4 27. Rb2 {1/2-1/2 Atalik,S-Cladouras,P/Budapest Nuovo 1992/
EXT 92}) 11. Qxd5 exd5 (11... Nxd5 $5 {is rather unusual in these type of
positions but deserves serious attention. The use of the d5 square and half
open d-line allow black added activity.}) 12. Bf4 Bg4 13. e3 (13. Bxc7 Rdc8 {
planning ...Bxf3 followed by ...Nxd4.}) 13... Rd7 14. Nc3 Nh5 15. Nb5 Nxf4 16.
gxf4 f6 17. a3 Bf8 (17... Be7 $5 {With the idea of unravelling with ...Bd8
later deserved attention.}) 18. Ne1 a4 {Planning ...Ra5 to thwart the planned
transfer of Nd3-c5.} 19. Bf1 Ra5 20. Bd3 g6 21. Nc3 Na7 22. Bc2 b5 23. Nd3 {
Black has managed to stake out more space on the queenside, but this flank is
still riddled with weaknesses and the pieces on the a-line make a particularly
clumsy impression.} Be6 24. Nb4 (24. Na2 {[%csl Ra5,Ra7,Gb4,Rb5,Gc5,Gc6,Rc7]
[%cal Gc1c7,Gc2d1,Gd1e2,Ge2f3] and/or Bd1, to increase pressure on the
queenside without losing contact with c5 looks like a more logical way to
proceed.}) 24... c5 $1 {An active bid for counterplay that offers chances to
liberate the paralyzed pieces on the queenside.} (24... Bxb4 $2 25. axb4 Ra6
26. Bd3 c6 27. b3 $16) 25. dxc5 Bxc5 26. Ne2 $5 {White aims to use tactical
means to keep control but the more restrained} (26. Rd1 $142 $14 {was better
when} d4 {can be met strongly by} 27. Ne4) 26... d4 27. f5 Bc4 $1 (27... gxf5
28. Bxf5 Rg7+ (28... Bxf5 29. Rxc5 d3 30. Nf4 $16) 29. Ng3 Bc4 30. exd4 Bxd4
31. Rc2 (31. Rd1 Bxb2 32. Rd8+ Kf7 33. Rad1 Be6) 31... Be5 32. Rd1 $36 {
[%csl Ra5,Ra7,Rg8]}) 28. Nxd4 Bxd4 29. exd4 Rxd4 30. Re1 Kf7 $2 {A serious but
very understandable error. Black could have solved all of his coordination
problems on the queenside with one tactical stroke. After} (30... Nc6 $3 {
his forces re-enter the game and the result is completely open.} 31. Rad1 (31.
Nxc6 Rg4+ 32. Kh1 Bd5+ $19) 31... Rg4+ 32. Kh1 Ne5 $13 (32... Nxb4 33. Rd8+ Kg7
34. Rd7+ Kh6 35. axb4 Ra6 $13 (35... Ra8 $13))) 31. Rad1 Rxd1 32. Rxd1 {
Now the relative activity of the two armies has been further accentuated and
black cannot maintain the material balance.} Nc8 (32... Kg7 33. Rd7+ Kh6 34.
Rc7) (32... gxf5 33. Bxf5 Be6 34. Bxh7 Nc8 35. Rd8 Ne7 (35... Nb6 36. Bg8+ Ke7
37. Bxe6 Kxe6 38. Nc6 Ra6 39. Nd4+ Ke7 40. Rb8 $18) 36. Bd3 $18) 33. Rd7+ Ke8
34. Rxh7 gxf5 $2 (34... g5 35. Nc6 Ra8 (35... Ra6 36. Rh8+ Kd7 37. Nb8+) 36.
Be4 $18) 35. Rh8+ (35. Rh8+ Kd7 36. Bxf5+) 1-0

[Event "FRA-ch"]
[Site "Meribel"]
[Date "1998.08.14"]
[Round "1"]
[White "Bacrot, Etienne"]
[Black "Chabanon, Jean Luc"]
[Result "1-0"]
[WhiteElo "2555"]
[BlackElo "2490"]
[Annotator "Tisdall,J"]
[PlyCount "75"]
[EventDate "1998.08.14"]
[EventType "tourn"]
[EventRounds "15"]
[EventCountry "FRA"]
[EventCategory "10"]
[SourceTitle "CBM 067"]
[Source "ChessBase"]
[SourceDate "1998.11.30"]
[SourceVersion "2"]
[SourceVersionDate "1998.11.01"]
[SourceQuality "1"]

{[%mdl 36]} 1. d4 Nf6 2. c4 e6 3. Nf3 Bb4+ 4. Bd2 Qe7 5. g3 Nc6 6. Bg2 Bxd2+ 7.
Nbxd2 d6 8. Nf1 (8. O-O a5 (8... O-O 9. Qc2 a5 10. Qc3 e5 11. d5 Nb8 12. e4
Nbd7 13. Ne1 Nc5 14. b3 Bg4 15. Nc2 c6 16. Rae1 cxd5 17. exd5 Qd7 18. f4 exf4
19. Rxf4 Rfe8 $13 {Van Riemsdijk,H-Milos,G/USA/1995/}) 9. e4 e5 10. d5 Nb8 11.
Ne1 O-O 12. Nd3 Na6 13. a3 Bd7 (13... Bg4 14. f3 Bd7 15. b4 c6 16. Qb3 $6 (16.
bxa5 $5 cxd5 17. cxd5 Bb5 18. Qb3 Nc7 19. Nc4 Ba6 $6 (19... Bxc4 20. Qxc4 Rxa5
21. Rfb1 $14) 20. a4 $16 {Notkin,M-Karpeshov,O/RUS/1995/}) 16... cxd5 17. cxd5
axb4 18. axb4 Nc7 19. Qb2 Bb5 20. Ra3 Rxa3 $15 {Skembris,S-Beliavsky,A/YUG/
1994/0:1/35/}) 14. f4 Bg4 15. Bf3 (15. Qe1 $32) 15... Bxf3 16. Qxf3 Nd7 17. b4
$6 (17. b3 $5) 17... c6 18. Qe3 exf4 19. gxf4 cxd5 20. cxd5 axb4 21. axb4 Nc7
22. Qd4 Nf6 $15 {Cosma,-Gertic,/YUG/1995/0:1/45/}) 8... d5 (8... e5 9. Ne3 Nxd4
(9... O-O 10. O-O (10. Rc1 Re8 11. d5 Nb8 12. b4 a5 13. a3 Ng4 14. Nxg4 Bxg4
15. Nd2 Na6 16. Rb1 h5 17. h3 Bd7 18. h4 g6 19. O-O Kg7 20. Qc2 Bg4 21. e3 {
1-0 Gleizerov,E-Gasimov,R/St.Petersburg op (03)/1994/ (35)}) 10... a5 (10...
Re8 11. Rc1 exd4 (11... e4 $5) 12. Nxd4 Bd7 13. Nb5 Rac8 14. a3 Qe5 15. Nd5
Qxb2 16. Nbxc7 Nxd5 17. Nxe8 $1 Nc3 18. Rxc3 Qxc3 19. Nxd6 {1-0 Garcia
Ilundain,D-Garcia,G/Capablanca mem-A 1996/CBM 54/[Ftacnik] (35)}) (10... Rd8
11. Re1 a5 12. Nd5 Nxd5 13. cxd5 Nb4 14. Nd2 exd4 15. a3 Na6 16. Nb3 a4 17.
Nxd4 Nc5 18. e4 Re8 19. f4 Qf6 20. Rc1 Bd7 21. e5 dxe5 22. fxe5 Rxe5 23. Rxe5
Qxe5 24. Rxc5 Qe3+ 25. Kh1 Bg4 26. Qg1 {1-0 Gleizerov,E-Sandstrom,L/Rilton
Cup9495 (03)/1994/}) 11. Rc1 Re8 (11... Rd8 12. a3 a4 13. Nd5 Nxd5 14. cxd5 Nb8
15. e3 Bg4 16. h3 Bh5 17. Qc2 c6 18. Nh4 Ra6 19. Rfe1 Qf6 20. Qf5 Qxf5 21. Nxf5
Kf8 {1/2-1/2 Garcia Ilundain,D-Suarez,Di/ESP-chT (08) ;EXP 50 1995 (31)}) 12.
b3 e4 $1 $10 {'!' Ftacnik.} 13. Nh4 $6 g6 $1 14. Qd2 Nb8 15. c5 d5 16. Rce1 Nc6
$15 {Christiansen,L-Adams,M/Biel 1991/CBM 25/[Schussler] (48)}) (9... e4 $6 {
Kanstler} 10. Nd2 Nxd4 $6 11. Nxe4 $14) 10. Nxd4 exd4 11. Qxd4 Qe5 12. Rd1 Qa5+
13. Kf1 O-O 14. a3 Rb8 15. h3 Be6 16. Nd5 Nd7 17. Be4 Kh8 18. Bxh7 Bxd5 19. Qh4
Nf6 20. Bc2+ Kg8 21. Rxd5 Qb6 22. Rg5 Qxb2 23. Qh6 {1-0 Zak,U-Liss,E/Tel
Aviv-B (08)/1991/}) 9. Ne3 (9. a3 O-O 10. Ne3 Rd8 11. Qc2 a5 12. O-O a4 13.
Rfd1 Qd6 14. Rac1 Bd7 15. Ng5 g6 16. Nh3 Rdc8 17. Nf4 Ne7 18. Qb1 c6 19. Nd3 b5
20. c5 Qc7 21. Nc2 {Itkis,B-Ilinsky,V/Frunze op/1989/1-0 (56)}) 9... Qb4+ 10.
Qd2 Qxd2+ (10... a5 $5 11. Rc1 O-O 12. a3 Qxd2+ 13. Kxd2 Ne4+ 14. Ke1 Rd8 {
is a much more efficient defensive method, keeping control over d5 and
pressure on d4.} 15. Rd1 Ra6 16. Ne5 Nf6 17. f4 Rb6 18. Rd2 h5 19. Kf2 Nxe5 20.
dxe5 d4 21. Ke1 Nh7 22. Nd1 f6 23. e3 fxe5 24. fxe5 d3 25. Nf2 Ng5 26. Nxd3 Nf7
27. Ke2 Bd7 28. c5 Rb3 29. c6 Bxc6 30. Bxc6 bxc6 31. Rc1 Rd5 32. Rcc2 Nxe5 33.
Nxe5 Rxe5 34. Rxc6 Rbxe3+ 35. Kf2 Rb3 36. Rxc7 Rf5+ 37. Kg2 Rfb5 38. Rcc2 a4
39. Re2 e5 40. Kh3 Kh7 41. Re4 Rxb2 {1/2-1/2 Zysk,R-Hecht,H/BL8889 1989/BL 80 
(41)}) 11. Kxd2 Ne4+ $6 (11... a5 $5) (11... O-O $5 {both deserved attention,
to defend as in the game above, and maintain control over d5.}) 12. Ke1 dxc4 {
This is a concession which increases the difference in strength between the
two bishops. When black plays Rd8 to hold the d5 square, he increases the
chances of an eventual exchange on d5, which would favor the prospects of his
B. Now white gets additional control of the center as well as long-term
pressure on the c-file.} (12... Nf6 $5) 13. Rc1 Nd6 $6 (13... c3 $5 14. bxc3 {
[%cal Gg2a8,Gb1b7] would blunt the c-file, but white maintains the advantage
with better control of the center and long term pressure against the queenside.
}) (13... Bd7 $5 {to castle long also deserved attention. One of the assets of
the black position is that the Ne4 temporarily hinders white from completing
development.}) 14. Nxc4 Nxc4 15. Rxc4 $16 Ke7 16. Kd2 Rd8 17. e4 a5 18. Rhc1
Ra6 19. Ke3 Rb6 20. b3 Rd7 (20... Rb4 21. Rxb4 axb4 22. Rc4 $16) 21. Rc5 {
Planning a breakthrough with d5.} Kd8 22. Bf1 Re7 23. Nd2 {[%csl Ra5,Rb6]} f6
24. Bb5 Na7 25. Bc4 Nc6 26. Nb1 $1 {Now the pressure becomes unbearable. The
knight is headed for a4, snaring the Rb6 and preparing the d5 advance.} a4 27.
bxa4 Rb4 28. Nc3 Nb8 29. Bb3 c6 30. a5 Na6 31. Rc4 Kc7 32. Rxb4 Nxb4 33. Bc4
Kb8 {hoping to increase his survival chances by escaping with the N via d5.}
34. Be2 Ka7 35. Na4 $1 $18 e5 (35... Nxa2 36. Rb1 {[%csl Ra2]} (36. Nb6 Kb8 37.
Rc4 $16) 36... c5 37. Bc4 cxd4+ 38. Kxd4 e5+ 39. Ke3 Be6 40. Bxe6 Rxe6 41.
Rxb7+ $18) 36. d5 Bd7 (36... Nxa2 37. Nb6 Re8 38. Rc4 $18) 37. d6 Re6 38. a3 (
38. a3 Na6 39. Bxa6 bxa6 40. Rd1 Re8 41. Nc5 Rd8 42. Rb1 Bc8 43. d7) 1-0

[Event "RUS-Cup01 Chigorin Memorial"]
[Site "St Petersburg"]
[Date "1997.11.03"]
[Round "3"]
[White "Shchukin, Dmitry"]
[Black "Loginov, Valery A"]
[Result "0-1"]
[WhiteElo "2400"]
[BlackElo "2550"]
[Annotator "Tisdall,J"]
[PlyCount "134"]
[EventDate "1997.11.01"]
[EventType "swiss"]
[EventRounds "9"]
[EventCountry "RUS"]
[SourceTitle "CBM 062"]
[Source "ChessBase"]
[SourceDate "1998.01.31"]
[SourceVersion "1"]
[SourceVersionDate "1998.01.31"]
[SourceQuality "1"]

1. d4 Nf6 2. c4 e6 3. Nf3 Bb4+ 4. Bd2 Qe7 5. e3 b6 6. Bxb4 Qxb4+ 7. Qd2 Qxd2+
8. Nfxd2 (8. Nbxd2 Bb7 9. Be2 d6 10. O-O c5 11. Rac1 {1/2-1/2 Yuferov,
S-Loginov,V/Kstovo op 1994/EXP 42}) 8... c5 9. dxc5 bxc5 10. Be2 (10. Nc3 Ke7
11. Be2 Bb7 12. Bf3 Bxf3 13. Nxf3 Nc6 14. Ke2 Rhd8 15. Rhd1 d6 16. b3 Rd7 17.
Nd2 Nb4 18. Nde4 Nxe4 19. Nxe4 Rc8 20. Nc3 Rcd8 21. Rac1 Nc6 22. f4 {1/2-1/2
Spassky,B-Tal,M/URS-ch41 1973/URS-ch}) 10... Bb7 11. Bf3 Nc6 12. Nc3 Ke7 13.
Ke2 Rab8 14. b3 d6 15. Rhd1 g5 16. h3 h5 17. h4 g4 18. Be4 Rhd8 19. Rac1 Nxe4
20. Ndxe4 Ne5 21. Kf1 Bc6 22. Rc2 f5 23. Ng3 Ng6 24. Nce2 Nxh4 25. Nf4 Rh8 26.
Rcd2 Rbd8 27. Kg1 Rh6 $1 28. Rd3 a5 29. R3d2 a4 30. bxa4 Ng6 $1 31. Nxg6+ Rxg6
32. Nxh5 Rh6 33. Nf4 Rdh8 34. Kf1 Bxa4 $4 (34... Bf3 $1 35. Ne2 (35. gxf3 gxf3
36. Ne2 Rh1+ 37. Ng1 Rg8) 35... Rh1+ 36. Ng1 Bxd1 $19) 35. Re1 Rh1+ 36. Ke2
Rxe1+ 37. Kxe1 Rh1+ 38. Ke2 Bc6 39. Rb2 Kd7 40. Rb6 Ra1 41. Ra6 e5 42. Ra7+ Kc8
43. Nd5 Bb7 44. Ra3 Rb1 45. g3 Rb2+ 46. Ke1 Bxd5 47. cxd5 Kb7 48. Ra4 Rc2 49.
a3 e4 50. Ra5 Rb2 51. Ra4 Rb1+ 52. Ke2 Rb2+ 53. Ke1 Rb3 54. Ra5 Rd3 55. Rb5+
Ka7 56. Ra5+ Kb6 57. Ra8 Rxd5 58. a4 Kb7 59. Rf8 c4 60. Rf7+ Kb6 61. Rf8 Ka5
62. Rc8 Kb4 63. Rc6 c3 64. a5 Rxa5 65. Kd1 Ra1+ 66. Kc2 Ra2+ 67. Kc1 d5 0-1

[Event "RUS-Cup01 Chigorin Memorial"]
[Site "St Petersburg"]
[Date "1997.11.06"]
[Round "6"]
[White "Burmakin, Vladimir"]
[Black "Sakaev, Konstantin"]
[Result "0-1"]
[WhiteElo "2550"]
[BlackElo "2590"]
[Annotator "Tisdall,J"]
[PlyCount "166"]
[EventDate "1997.11.01"]
[EventType "swiss"]
[EventRounds "9"]
[EventCountry "RUS"]
[SourceTitle "CBM 062"]
[Source "ChessBase"]
[SourceDate "1998.01.31"]
[SourceVersion "1"]
[SourceVersionDate "1998.01.31"]
[SourceQuality "1"]

1. d4 Nf6 2. c4 e6 3. g3 Bb4+ 4. Bd2 Be7 5. Bg2 d5 6. Nf3 O-O 7. O-O c6 8. Qc2
Nbd7 9. Rd1 b6 10. Bc3 a5 (10... Bb7 11. Nbd2 Rc8 {1/2-1/2 Ksieski,Z-Giorgadze,
G/Naleczow op 1989/EXT 89op2}) 11. Ne5 Bb7 12. Nd2 b5 13. b3 Nxe5 14. dxe5 Nd7
15. cxb5 cxb5 16. e4 Rc8 17. Qd3 d4 $1 18. Qxd4 (18. Bxd4 Nxe5 19. Qxb5 Qxd4
20. Nc4 (20. Qxb7 Bc5 $17) 20... Nd3 21. Ne3 $1 (21. Qxb7 Qxf2+ 22. Kh1 Qd4 $17
) 21... Rcd8 $1 (21... Rfd8 22. Qxb7 Qb2 23. Rf1 Bc5 24. Rad1) 22. Qxb7 Bg5 23.
Ng4 $140 (23. h3 Qc5 $5 $17) 23... f5 $1 $19 {[%csl Rf2]}) 18... Bc5 19. Qd3
Qb6 20. Qe2 (20. Rf1 Rfd8 $17) (20. Bxa5 Bxf2+ 21. Kf1 Qxa5 22. Kxf2 (22. Qxd7
Rc7 23. Qd6 Bc5 24. Qd3 Ba7 $17) 22... Nxe5 $17) 20... Bxf2+ 21. Qxf2 Qxf2+ 22.
Kxf2 Rxc3 23. Nc4 bxc4 24. Rxd7 Rc2+ 25. Kg1 Bc6 26. Rd6 cxb3 27. axb3 Rc5 $17
{[%csl Rb3,Re4,Re5,Rg2]} 28. Kf2 Rb8 29. Rad1 Kf8 30. Rd8+ (30. R1d3 Ke7) 30...
Rxd8 31. Rxd8+ Ke7 32. Rd4 Rb5 33. Rc4 Bd7 34. Rc3 Rxe5 35. Ke3 Kd6 36. Rd3+
Kc7 37. Rc3+ Kb6 38. Kd4 Rh5 39. h4 Rb5 40. e5 f6 41. exf6 gxf6 42. Ke3 Re5+
43. Kd4 Re2 44. Bf1 e5+ 45. Kd5 Rd2+ 46. Ke4 Bc6+ 47. Ke3 Rb2 48. Bd3 h6 49.
Be4 Bd7 50. Bd5 Rb1 51. Kd2 Rf1 52. Ke2 Rg1 53. Kd2 Bb5 54. Be4 Rf1 55. Rc8
Rf2+ 56. Ke3 Rb2 57. Rc3 Bd7 58. Bd5 f5 59. Bf3 Rb1 60. Kd2 Rg1 61. Bd5 e4 62.
Ke2 Bb5+ 63. Kf2 Rf1+ 64. Ke3 Rf3+ 65. Kd4 Rxc3 66. Kxc3 Kc7 67. Kd4 Kd6 68.
Bf7 Bd7 69. Bh5 Be6 70. Bd1 Bf7 71. g4 (71. Bc2 Bh5 $19) (71. h5 Be6 72. Bc2
Bg8 73. Bd1 Bf7 $22 {=> game.}) 71... fxg4 72. Bxg4 Bxb3 73. Kxe4 a4 74. Kd4 a3
75. Kc3 Bf7 76. Be2 Ke5 77. Bd1 Kf4 78. Be2 Kg3 79. h5 Kh4 80. Bf3 Kg5 81. Bd1
Bxh5 82. Bb3 Kf6 $19 83. Kb4 Bf7 0-1

[Event "Sarajevo Bosnia 28th"]
[Site "Sarajevo"]
[Date "1998.06.02"]
[Round "5"]
[White "Sokolov, Ivan"]
[Black "Kurajica, Bojan"]
[Result "1-0"]
[WhiteElo "2625"]
[BlackElo "2580"]
[Annotator "Tisdall,J"]
[PlyCount "99"]
[EventDate "1998.05.29"]
[EventType "tourn"]
[EventRounds "9"]
[EventCountry "BIH"]
[EventCategory "15"]
[SourceTitle "CBM 066"]
[Source "ChessBase"]
[SourceDate "1998.09.30"]
[SourceVersion "1"]
[SourceVersionDate "1998.09.30"]
[SourceQuality "1"]

1. d4 Nf6 2. c4 e6 3. Nf3 Bb4+ 4. Nbd2 b6 5. a3 Bxd2+ 6. Bxd2 Ne4 7. Be3 Bb7 8.
g3 O-O 9. Bg2 d5 10. O-O (10. Qc2 Qc8 11. Rc1 dxc4 12. Qxc4 Na6 13. b4 Nd6 14.
Qc2 Be4 15. Qa4 Qb7 16. O-O b5 17. Qb3 Rfd8 18. Nh4 Nc4 19. Rfd1 Bxg2 20. Nxg2
Nb8 21. Bf4 Nc6 22. Rxc4 bxc4 23. Qxc4 e5 24. Rc1 Rxd4 25. Qc5 exf4 26. b5 Rad8
27. bxc6 Qb6 28. Nxf4 Rd1+ 29. Kg2 Rxc1 30. Qxc1 Rd6 31. e4 Qxc6 32. Qe3 Qb6
33. Qf3 Qb7 34. Nd5 c6 {Chochulski,A-Ahmels,V/BL2-N 1990/BL2/0-1 (47)}) 10...
Nd7 11. cxd5 exd5 12. Rc1 (12. b4 $5) 12... Re8 13. Qb3 a5 14. Bf4 c6 (14... a4
$5) 15. Rfd1 a4 16. Qc2 f6 17. Ne1 (17. Nd2 $5 Nxd2 (17... f5 18. Bh3 $14) 18.
Rxd2 Qe7 19. Re1 Nf8 20. Rdd1 $14) 17... Nf8 18. Bd2 $6 (18. Nd3 $14) 18... Qd7
(18... Ba6 $5 19. Bb4 (19. Nd3 Bc4 $36) 19... Bc4 (19... Ng6 $5) 20. Bxf8 Kxf8
(20... Bb3 21. Qxc6 Bxd1 22. Rxd1 Kxf8 23. Nd3 $44) 21. Nd3 $5 Bb3 22. Qxc6 Nd6
$5 (22... Bxd1 23. Rxd1 {transposes to the note above.}) 23. Bh3 $1 Bxd1 24.
Rxd1 $16 {[%csl Rd5,Re6][%cal Gh3c8]}) 19. Bb4 Ng6 20. Nf3 (20. Nd3 $5) 20...
Qf5 21. b3 axb3 22. Qxb3 h5 $5 (22... Ba6 $5 23. Rxc6 Bxe2 24. Re1 Bc4 25. Qb1
b5 $11) 23. Be1 Ba6 24. Rxc6 Bxe2 25. Rdc1 Bc4 26. Qb1 (26. Qxb6 Rxa3 (26...
Reb8 27. Qc7 Rc8 $11) 27. Nd2 Nxd2 28. Bxd2 Ra2 29. Qb4 (29. Re1 Rxd2 $1 30.
Rxe8+ Kh7 $19) 29... Re2 $18) 26... b5 ({I hate it when obvious moves,
especially captures, are not played. I hate it more when I have to try and
explain it. And here, I just cannot find a reason black did not play the
straightforward} 26... Rxa3 $5 {The variations are not very tidy and I am sure
I am missing something, but the lines also seem most hazardous for white. Then
again, perhaps Black was just tempted by the prospect of trapping white's rook
on c6, but this is risky indeed.} 27. R6xc4 $141 (27. Nd2 Bd3 {...} 28. Qb4 (
28. Qxb6 Nxd2 29. Bxd2 Ra2 30. Re1 (30. Qb4 Re2 $19) 30... Qxf2+ $3 31. Kxf2
Rxd2+ 32. Kf3 Rxe1 $19) 28... Ra2 29. Qb3 (29. Nxe4) 29... Rxd2 30. Bxd2 Qxf2+
31. Kh1 Qxd2 (31... Qxd4 $5) 32. Qxd5+ Kf8 33. Rc8 Ne7 34. Rxe8+ Kxe8 35. Qxh5+
g6 36. Qh8+ Kf7 $1 37. Qh7+ Ke6 38. Ra1 Qe3 $19) 27... dxc4 28. Nd2 Nd6 (28...
Rd3 29. Nxe4 $140 Rxe4 30. Rxc4 Ne5 $3 {also looks quite nice for black.}) 29.
Qb4 Rd3 (29... Nb5 30. Bc6) 30. Qxd6 Rxe1+ 31. Rxe1 Rxd2 32. Qd5+ Qxd5 33.
Bxd5+ Kf8 34. Bxc4 Rxd4 $17) 27. Nd2 Qd7 28. R6xc4 bxc4 (28... Nxd2 $4 29. Bxd2
bxc4 30. Qxg6 $18) 29. Nxe4 dxe4 30. Bxe4 {Now a powerful bishop pair, two
pawns and attacking chances give white more than enough for the sacrificed
exchange.} Rab8 31. Qc2 Ne7 32. Qxc4+ Kh8 33. Qe2 (33. Qf7 $5 {looks even more
frightening.} Qg4 (33... Rb5 $2 34. Bc6 $1) 34. f3 Qg5 35. Rc5 f5 {staves off
disaster.}) 33... g6 34. Qd3 Kg7 $2 ({It looks better to play} 34... f5 35. Bf3
Nd5 {keeping as much space as possible.}) 35. d5 Rec8 36. Rd1 Nf5 37. Bb4 {
The weakness on g6 makes it impossible for black to organize his defence,
particularly to find a sensible deployment for his knight.} Re8 38. d6 Re5 39.
Rc1 Kh8 40. Rc7 Qe6 41. d7 (41. Bxf5 $5 {to expose the black king further was
a more brutal option.} Rxf5 (41... Qxf5 42. Qxf5 Rxf5 43. d7 $18) (41... gxf5
42. Qd2 $18) 42. Re7 Qa2 (42... Qd5 43. Qe3 g5 44. Qa7 Qg8 45. d7 Rd8 (45...
Rd5 46. Qxb8) (45... Re5 46. Rh7+ $1) (45... Rf8 46. Re1 $18) 46. Qe3 $18) 43.
Qe3 g5 44. d7 $18) 41... Rd8 42. Bb7 Kg7 (42... Kh7 {is better but can meet
the same treatment as the game.}) 43. Bc3 Re2 44. Rc6 Qxd7 45. Qxe2 Qxb7 46.
Rxf6 Qb1+ 47. Qf1 Qb3 48. Rd6+ Qxc3 49. Rxd8 Qxa3 50. Qd3 1-0

[Event "CRO-ch 6th"]
[Site "Pula"]
[Date "1998.01.10"]
[Round "2"]
[White "Cebalo, Miso"]
[Black "Zelcic, Robert"]
[Result "0-1"]
[WhiteElo "2515"]
[BlackElo "2540"]
[Annotator "Tisdall,J"]
[PlyCount "70"]
[EventDate "1998.01.09"]
[EventType "tourn"]
[EventRounds "13"]
[EventCountry "CRO"]
[EventCategory "9"]
[SourceTitle "CBM 064"]
[Source "ChessBase"]
[SourceDate "1998.06.02"]
[SourceVersion "1"]
[SourceVersionDate "1998.06.02"]
[SourceQuality "1"]

1. Nf3 Nf6 2. c4 e6 3. d4 Bb4+ 4. Nbd2 b6 5. a3 Bxd2+ 6. Bxd2 Bb7 7. g3 O-O (
7... c5 $5 8. dxc5 bxc5 9. Bg2 O-O 10. O-O a5 11. b4 axb4 12. axb4 Ne4 13. Rxa8
Bxa8 14. b5 d5 15. Qa1 Nd7 16. Ba5 Qb8 17. cxd5 Bxd5 {1/2-1/2 Komljenovic,
D-Kurajica,B/La Coruna op 1993/EXT 93op}) 8. Bg2 Be4 $5 9. O-O (9. b4 d6 10.
O-O Nbd7 11. Qb3 c5 12. dxc5 bxc5 13. Rfd1 Qb6 14. Bf4 d5 15. Rac1 Rac8 16.
cxd5 Bxd5 17. Qb1 cxb4 18. axb4 h6 $11 {0-1 Grooten,H-Martin,B/London 1996/EXT
97 (38)}) 9... d6 10. Bc3 Nbd7 11. Re1 d5 {Black plays to mute white's
unopposed, dark-squared bishop.} 12. c5 $5 (12. Ne5 $5 Bxg2 13. Nc6 (13. Kxg2
Nxe5 14. dxe5 Ne4 $15) 13... Qe8 14. Kxg2 dxc4 (14... a5 $5) 15. Bb4 Nc5 16.
Ne5 a5 17. Bxc5 bxc5 18. dxc5 Qb5 19. Qd4 Rfd8 20. Qxc4 Qxb2 21. Nd3 Qd2 $11)
12... c6 (12... bxc5 $6 13. dxc5 Nxc5 $2 14. Bb4 Qd6 15. Rc1 Nfd7 16. Qd4 e5
17. Qc3 $18) 13. b4 (13. Ne5 $5 Qc7 $1 (13... Nxe5 14. dxe5 Nd7 15. Bxe4 dxe4
16. cxb6 axb6 17. Qd4 (17. Qd6 $5) 17... Nc5 18. Qe3 $16) (13... Bxg2 14. Nxc6
Qe8 15. Kxg2 {and black cannot regain the pawn without bringing the Bc3
powerfully to life.} bxc5 16. dxc5 Nxc5 17. Bxf6 Qxc6 18. Rc1 gxf6 (18... Qd6
19. Bxg7 $1) 19. b4 $16) 14. f3 Bg6 15. Nxg6 hxg6 16. b4 $14) 13... Qc7 {
Preparing to capture on c5 by bringing the e5 square under control. This means
that white must either recapture on c5 with the b-pawn, keeping the Bc3
stifled, or allow black to set his center pawns in motion in the case of a
recapture with the d-pawn on c5.} 14. Bf1 bxc5 15. bxc5 Rfb8 16. Nd2 e5 17. e3
exd4 18. exd4 Nf8 19. Qa4 Qd7 20. f3 Bf5 21. Re3 Re8 22. Rae1 Rxe3 23. Rxe3 h5
24. Qd1 (24. Qa6 $5) 24... g5 $1 {Looks risky, but a very spirited move, aimed
at regaining the e4 square by undermining the f3 pawn.} 25. Qe1 Ng6 26. Ba5 g4
27. Ba6 Rb8 28. Bb4 Nh7 29. Qe2 Ng5 30. f4 Ne6 31. Nb3 $6 (31. Bc3 {looks
better - there is no danger on the b-line, and the knight has nothing to do on
b3 . The finish of this game strongly suggests serious time trouble for white.}
) 31... Be4 32. Qb2 f5 33. Nc1 Qg7 34. Ne2 $4 Nc7 35. Bd3 a5 0-1